[Event "Africa-ch"]
[Site "Cairo"]
[Date "2025.05.19"]
[Round "8"]
[White "Khalil, Ahmed Salem"]
[Black "Tamer Wahba, Fared"]
[Result "1-0"]
[WhiteElo "2102"]
[BlackElo "2206"]
[PlyCount "105"]
[EventDate "2025.05.13"]
[EventType "swiss"]
[EventRounds "9"]
[EventCountry "EGY"]
[SourceTitle "CB22_2025"]
[SourceDate "2025.05.28"]
[SourceVersion "1"]
[SourceVersionDate "2025.05.28"]
[SourceQuality "1"]

1. Nf3 d5 2. c4 e6 3. d4 Nf6 4. g3 Be7 5. Bg2 0-0 6. 0-0 c6 7. Nc3 b6 8. Nd2 a5 9. e4 dxc4 10. Nxc4 Ba6 11. b3 b5 12. Ne5 b4 13. Ne2 Bxe2 14. Qxe2 Qxd4 15. Bb2 Qb6 16. Rac1 a4 17. Rc2 Nfd7 18. Qg4 Nxe5 19. Bxe5 g6 20. h4 Nd7 21. Bb2 Qb5 22. Qf4 axb3 23. axb3 e5 24. Qf3 Nc5 25. Rfc1 Ra3 26. Bxa3 bxa3 27. Rb1 Ne6 28. Bf1 Qb6 29. Ra2 Nd4 30. Qe3 Bb4 31. Bc4 c5 32. Kg2 Kg7 33. h5 f5 34. exf5 Rxf5 35. h6+ Kf8 36. Bd3 Rf3 37. Qxe5 Rxd3 38. Qh8+ Kf7 39. Qxh7+ Kf6 40. Qg7+ Kf5 41. Qf7+ Ke5 42. f4+ Ke4 43. h7 Qd8 44. Qxg6+ Ke3 45. Qg8 Qe7 46. h8Q Rd2+ 47. Rxd2 Qe4+ 48. Kh3 Qxb1 49. Rxd4 a2 50. Qe5+ Kf2 51. Rxb4 a1Q 52. Qxc5+ Kf1 53. Qgc4+ 1-0

[Event "Africa-ch"]
[Site "Cairo"]
[Date "2025.05.18"]
[Round "7"]
[White "Ashraf, Shereif"]
[Black "Khalil, Ahmed Salem"]
[Result "1-0"]
[WhiteElo "2264"]
[BlackElo "2102"]
[PlyCount "103"]
[EventDate "2025.05.13"]
[EventType "swiss"]
[EventRounds "9"]
[EventCountry "EGY"]
[SourceTitle "CB22_2025"]
[SourceDate "2025.05.28"]
[SourceVersion "1"]
[SourceVersionDate "2025.05.28"]
[SourceQuality "1"]

1. e4 g6 2. d4 Bg7 3. Nf3 d6 4. Be3 c5 5. c3 Nd7 6. Bd3 a6 7. 0-0 e6 8. Re1 Ne7 9. Nbd2 h6 10. Nc4 Qc7 11. a4 d5 12. exd5 Nxd5 13. dxc5 Nxe3 14. Rxe3 Nxc5 15. Bf1 0-0 16. b4 Nd7 17. a5 b5 18. axb6 Nxb6 19. Nxb6 Qxb6 20. Ra5 Bb7 21. Qa4 Rfb8 22. Ne5 Qc7 23. Rc5 Qe7 24. c4 Rd8 25. Qa5 Bxe5 26. Rcxe5 Rd1 27. Re1 Rad8 28. c5 Qf6 29. Qa3 R1d2 30. R5e2 Rxe2 31. Rxe2 Rd1 32. Rc2 Qd4 33. Rc1 Rxc1 34. Qxc1 Bc6 35. Qa3 Bb5 36. Bxb5 axb5 37. Qc1 Qd8 38. c6 Qc7 39. Qc5 h5 40. h4 Kh7 41. Qxb5 g5 42. Qc5 gxh4 43. b5 f5 44. b6 Qg7 45. Qe3 Qg4 46. c7 Qc4 47. Qg5 Qc6 48. Qxh5+ Kg7 49. Qxh4 Kf7 50. Qh5+ Kg7 51. Qd1 Kg6 52. Qb1 1-0

[Event "Africa-ch"]
[Site "Giza"]
[Date "2023.05.08"]
[Round "4"]
[White "Khalil, Ahmed Salem"]
[Black "Fawzy, Adham"]
[Result "0-1"]
[WhiteElo "2122"]
[BlackElo "2495"]
[PlyCount "33"]
[EventDate "2023.05.06"]
[EventType "swiss"]
[EventRounds "9"]
[EventCountry "EGY"]
[SourceTitle "CBM 214 Extra"]
[Source "ChessBase"]
[SourceDate "2023.07.31"]
[SourceVersion "1"]
[SourceVersionDate "2023.07.31"]
[SourceQuality "1"]

1. Nf3 c5 2. c4 Nc6 3. d4 cxd4 4. Nxd4 g6 5. Nc3 Bg7 6. e3 Nf6 7. Be2 0-0 8. 0-0 Nxd4 9. Qxd4 d6 10. Bf3 Be6 11. Qd3 Rc8 12. Nd5 Nxd5 13. Bxd5 Bd7 14. Qb3 Qa5 15. Qxb7 Rc7 16. Bd2 Rxb7 17. Bxa5 0-1

[Event "Africa-ch"]
[Site "Giza"]
[Date "2023.05.06"]
[Round "1"]
[White "Khalil, Ahmed Salem"]
[Black "Ezat, Mohamed Mahmoud"]
[Result "1-0"]
[WhiteElo "2122"]
[BlackElo "2402"]
[PlyCount "83"]
[EventDate "2023.05.06"]
[EventType "swiss"]
[EventRounds "9"]
[EventCountry "EGY"]
[SourceTitle "CBM 214 Extra"]
[Source "ChessBase"]
[SourceDate "2023.07.31"]
[SourceVersion "1"]
[SourceVersionDate "2023.07.31"]
[SourceQuality "1"]

1. Nf3 Nf6 2. c4 g6 3. b4 Bg7 4. Bb2 0-0 5. g3 a5 6. b5 a4 7. Na3 d6 8. Bg2 e5 9. d3 Nbd7 10. 0-0 Nc5 11. Rc1 Re8 12. Nc2 h6 13. Ne3 Ng4 14. Nd5 c6 15. Nc3 a3 16. Ba1 Bd7 17. d4 exd4 18. Nxd4 Ne5 19. Nb1 Ra4 20. Nd2 Ra8 21. h3 Na4 22. f4 Nb2 23. Qb3 Ng4 24. Nc2 Qb6+ 25. Kh1 Nf2+ 26. Kh2 Rxe2 27. bxc6 Qxb3 28. Nxb3 Bxc6 29. Ncd4 Ng4+ 30. hxg4 Rxg2+ 31. Kh3 Bxd4 32. Nxd4 Rd2 33. Nxc6 bxc6 34. g5 hxg5 35. fxg5 Ra5 36. Rc3 Rf5 37. Rxf5 gxf5 38. Rxa3 Nxc4 39. Ra8+ Kh7 40. Rh8+ Kg6 41. Bf6 f4 42. g4 1-0

[Event "Biel ATO op 54th"]
[Site "Biel"]
[Date "2021.07.31"]
[Round "4"]
[White "Bruessow, Jakob"]
[Black "Khalil, Ahmed Salem"]
[Result "0-1"]
[WhiteElo "1819"]
[BlackElo "2151"]
[PlyCount "85"]
[EventDate "2021.07.26"]
[EventType "swiss"]
[EventRounds "9"]
[EventCountry "SUI"]
[SourceTitle "EXT 2022"]
[Source "ChessBase"]
[SourceDate "2021.10.06"]
[SourceVersion "1"]
[SourceVersionDate "2021.10.06"]
[SourceQuality "1"]

1. e4 c5 2. Nf3 Nc6 3. d4 cxd4 4. Nxd4 e5 5. Nb5 d6 6. N1c3 a6 7. Na3 b5 8. Nd5 Nf6 9. Bg5 Be7 10. Bxf6 Bxf6 11. c3 Bg5 12. Nc2 0-0 13. a4 bxa4 14. Rxa4 a5 15. Bc4 Rb8 16. b3 Kh8 17. Nce3 g6 18. h4 Bxh4 19. g3 Bg5 20. f4 exf4 21. gxf4 Bh4+ 22. Kf1 f5 23. Ra2 fxe4 24. Rah2 g5 25. Qh5 Ne5 26. Rg2 Nxc4 27. Nxc4 Rxb3 28. Qd1 Rxf4+ 29. Nxf4 Qf6 30. Rxh4 gxh4 31. Qxb3 Qxf4+ 32. Ke1 h3 33. Rf2 Qc1+ 34. Qd1 Qxc3+ 35. Nd2 e3 36. Rf8+ Kg7 37. Rxc8 exd2+ 38. Qxd2 Qxc8 39. Qg5+ Kf7 40. Qh6 Ke8 41. Qh5+ Kd8 42. Qh4+ Kc7 43. Qxh7+ 0-1